| 000 | 00361nam a2200145 i 4500 | ||
|---|---|---|---|
| 001 | bg | ||
| 100 | 1 |
_aBIELECKI, Jan _d(?-2001). |
|
| 245 | 0 |
_aZX Spectrum : _bsam na sam z językiem C / _cJ. Bielecki. |
|
| 260 |
_aWarszawa, _c1988. |
||
| 040 | _cBPK | ||
| 041 | _apol | ||
| 080 | _a681.322.06:519.682 | ||
| 942 | _cKS | ||
| 008 | s pl f |000 0 pol | ||
| 999 |
_c3600 _d3600 |
||
| 856 |
_uhttp://koha.tu.koszalin.pl/cgi-bin/koha/opac-detail.pl?biblionumber=3600 _yKatalog online BPK |
||